| 000 | 00739nam a2200277Ia 4500 | ||
|---|---|---|---|
| 008 | 170203s9999 xx 000 0 und d | ||
| 020 | _a0 75340799x | ||
| 050 | _a0 30 | ||
| 050 | _bT238q 2002 | ||
| 100 | _aTaylor, Barbara, 1954- | ||
| 245 | _aOceans and rivers / | ||
| 245 | _cBarbara Taylor. | ||
| 260 | _bGrolier, | ||
| 260 | _c2002 | ||
| 300 | _a40 pages : | ||
| 300 | _bcolor illustrations ; | ||
| 300 | _c28 cm. | ||
| 440 | _aQuestions and answers. | ||
| 440 | _vvol. 9 | ||
| 500 | _aArbitrarily numbered. | ||
| 650 | _aChildren's questions and answers. | ||
| 650 | _aOcean -- Miscellanea -- | ||
| 650 | _aRivers -- Miscellanea -- | ||
| 650 | _xJuvenile literature. | ||
| 650 | _xJuvenile literature. | ||
| 999 |
_c305649 _d305649 |
||